Vainqueurs de Grand Chelem masculin - Mort subite - Statistiques

Statistiques générales
  • Ce quiz a été pris 264 fois
  • Le résultat moyen est 14 sur 33
Answers on the Grid
Answers color-coded by a green-red scale on the quiz's grid according to % correct below.
Roger Federer
Jannik Sinner
Dominic Thiem
Alexander Zverev
Daniil Medvedev
Todd Martin
Andy Murray
Marat Safin
Alex Corretja
Andre Agassi
Pete Sampras
Gustavo Kuerten
Boris Becker
David Ferrer
Patrick Rafter
Novak Djokovic
Miroslav Mecir
Petr Korda
Carlos Moya
Stefan Edberg
Henri Lecomte
Mats Wilander
Yannick Noah
Andreï Medvedev
Lleyton Hewitt
Marcelo Rios
Cédric Pioline
Ken Rosewall
Guillermo Coria
David Nalbandian
Carlos Alcaraz
Robin Soderling
Tomas Berdych
Stanislas Wawrinka
Stefanos Tsitsipas
Ilie Nastase
Casper Ruud
Gael Monfils
Andres Gomez
Nikolay Davydenko
Ivan Lendl
John McEnroe
Bjorn Borg
Guillermo Vilas
John Newcombe
Jo-Wilfried Tsonga
Arthur Ashe
Manuel Orantes
Roscoe Tanner
Tom Okker
Mardy Fish
Rafael Nadal
Sebastian Korda
Grigor Dimitrov
Jimmy Connors
Fernando Verdasco
 
Statistiques - réponses
Réponse % Correct
Roger Federer
71%
Novak Djokovic
69%
Rafael Nadal
67%
Jannik Sinner
61%
Andy Murray
58%
Carlos Alcaraz
58%
Yannick Noah
57%
Bjorn Borg
54%
Pete Sampras
53%
Andre Agassi
51%
Daniil Medvedev
51%
John McEnroe
51%
Stanislas Wawrinka
49%
Boris Becker
47%
Jimmy Connors
47%
Ivan Lendl
45%
Gustavo Kuerten
43%
Lleyton Hewitt
42%
Mats Wilander
42%
Dominic Thiem
40%
Stefan Edberg
40%
Arthur Ashe
38%
Carlos Moya
35%
Marat Safin
34%
Guillermo Vilas
29%
Ilie Nastase
28%
Patrick Rafter
27%
John Newcombe
26%
Ken Rosewall
21%
Petr Korda
21%
Andres Gomez
18%
Manuel Orantes
12%
Roscoe Tanner
10%
Aucun quiz correspondant
Distribution des résultats
% des personnes avec chaque résultat
Percentile par nombre de réponses
Votre historique - résultats
Vous n’avez pas pris ce quiz